Sanat: "Itkisitkö onnesta?" - Leevi and the Leavings - Statistics

Yleistilastot
  • Tätä visaa on pelattu 26 kertaa
  • Keskiarvotulos 70 / 148
Vastaustilastot
Vastaus % Oikein
Itkisitkö
100%
jos
100%
Kun
100%
kunnolla
100%
on
100%
onnesta
100%
panisin
100%
sua
100%
Ja
90%
No
85%
ei
80%
Se
75%
Vai
75%
saa
70%
oli
65%
pohkeeseen
60%
portsaria
60%
tuli
60%
ummessa
60%
uskalla
60%
väität
60%
vituttaa
60%
voi
60%
alle
55%
asti
55%
En
55%
etten
55%
haetaan
55%
hakemalla
55%
kuin
55%
kylä
55%
osui
55%
oviaukosta
55%
paikalla
55%
raukkamaisesti
55%
saarroksiin
55%
saatiin
55%
silmät
55%
sitä
55%
syitä
55%
täällä
55%
Ulos
55%
varttitunnissa
55%
virkavalta
55%
ajaa
50%
autosta
50%
edes
50%
ensi
50%
jaetaan
50%
kannetaan
50%
kännissä
50%
kertaa
50%
kimmokkeen
50%
kitarasta
50%
koko
50%
luoti
50%
ohiajavasta
50%
olen
50%
Otti
50%
rauhoittumaan
50%
sen
50%
tekijätkin
50%
tiedettiin
50%
vaikka
50%
aavistaa
45%
annetaan
45%
enää
45%
itselleen
45%
kadonnutta
45%
kaikesta
45%
kassi
45%
kiinni
45%
kuviot
45%
luodinreikiä
45%
45%
mieletöntä
45%
miksi
45%
miten
45%
muistella
45%
nuoruutta
45%
onnenanti
45%
pahoillani
45%
pelkkä
45%
pielessä
45%
rämisevä
45%
selitellä
45%
sut
45%
täynnä
45%
turha
45%
tyttöystävä
45%
elämässä
40%
fiilistä
40%
helposti
40%
joskus
40%
kädessään
40%
kaistalla
40%
kantapaikasta
40%
kenelle
40%
Kovin
40%
Kuka
40%
kylmissään
40%
mua
40%
peltisanko
40%
unissaan
40%
bussipysäkiltä
35%
jarrupoljinta
35%
löydetty
35%
luistella
35%
mielessään
35%
pahalla
35%
painaa
35%
siinä
35%
sohjoisessa
35%
tarvitsee
35%
tuskin
35%
Vastaantulijoiden
35%
vittumaista
35%
jostain
30%
kaarteessa
30%
kauempaa
30%
lupaan
30%
mitä
30%
Mutta
30%
ollenkaan
30%
postittaa
30%
sulle
30%
tiedä
30%
vähän
30%
ymmärrä
30%
yritinkö
30%
älä
25%
ehkä
25%
eritellä
25%
jarruttaa
25%
kerro
25%
koettu
25%
kortin
25%
kuitenkaan
25%
Kukaan
25%
kuljettaa
25%
muuten
25%
perille
25%
tuuli
25%
unohdinko
25%
vauvasta
25%
mitään
20%
tunnusta
20%
yhdessä
20%
Ehtoja vastaavia visoja ei löytynyt
Tulosjakauma
Jokaisen tuloksen saaneiden osuus
Persentiili vastausten määrän mukaan
Tuloshistoriasi
Et ole pelannut tätä visaa